DIŞ DİSİPLİN Mİ? İÇ DİSİPLİN Mİ? (Record no. 1109352)

MARC details
000 -LEADER
sabit uzunluktaki kontrol alanı 00274nam a2200097Ia 4500
001 - KONTROL NUMARASI
kontrol alanı 1109352
005 - EN SON İŞLEMİN TARİH VE ZAMANI
kontrol alanı 20250827003535.0
008 - SABİT-UZUNLUKTA VERİ ÖĞELERİ--GENEL BİLGİ
sabit uzunluktaki kontrol alanı 250824s9999 xx 000 0 und d
245 #0 - ESER / YAZAR
ESER ADI DIŞ DİSİPLİN Mİ? İÇ DİSİPLİN Mİ?
Yazar Adı DR.THOMAS GORDON
260 ## - YAYIN, DAĞITIM, VB.
YAYIN EVİ SİSTEM YAYINCILIK
Holdings
Düşüm durumu Kayıp durumu Hasar Durumu Ödünç verilmez Ana kütüphane Geçerli Kütüphane Edinilen tarih Toplam ödünç verme sayısı Barkod Son görüntüleme tarihi Fiyatın geçerli olmaya başladığı tarih Koha materyal türü
        BEYHEKİM İMAM HATİP ORTAOKULU BEYHEKİM İMAM HATİP ORTAOKULU 24.08.2025   10724695 27.08.2025 27.08.2025 Books